Eclipse (Record no. 12779)

MARC details
000 -LEADER
fixed length control field 00590nam a2200169Ia 4500
003 - CONTROL NUMBER IDENTIFIER
control field IN-BaIIA
008 - FIXED-LENGTH DATA ELEMENTS--GENERAL INFORMATION
fixed length control field 211028s9999 xx 000 0 eng d
020 ## - INTERNATIONAL STANDARD BOOK NUMBER
International Standard Book Number 0-471-12795-7
040 ## - CATALOGING SOURCE
Transcribing agency IIA Library
080 ## - UNIVERSAL DECIMAL CLASSIFICATION NUMBER
Universal Decimal Classification number 521.81
Item number HAR
100 ## - MAIN ENTRY--PERSONAL NAME
Personal name Harrington, Philip S.
9 (RLIN) 22389
245 #0 - TITLE STATEMENT
Title Eclipse
Remainder of title the what, where, when, why and how guide to the watching solar and lunar eclipses
Statement of responsibility, etc. Philip S. Harrington
260 ## - PUBLICATION, DISTRIBUTION, ETC.
Place of publication, distribution, etc. New York
Name of publisher, distributor, etc. John Wiley & Sons
Date of publication, distribution, etc. 1997
300 ## - PHYSICAL DESCRIPTION
Extent viii, 280p.
650 ## - SUBJECT ADDED ENTRY--TOPICAL TERM
Topical term or geographic name entry element Eclipse, Solar eclipse, Lunar eclipse
9 (RLIN) 22390
942 ## - ADDED ENTRY ELEMENTS (KOHA)
Koha item type Books
Holdings
Withdrawn status Lost status Damaged status Not for loan Home library Current library Shelving location Date acquired Source of acquisition Cost, normal purchase price Total Checkouts Full call number Barcode Date last seen Cost, replacement price Price effective from Koha item type Purchase Price
        IIA Library-Bangalore IIA Library-Bangalore General Stacks 30/11/1998 AP 650.32   521.81/ HAR 13696 05/11/2021 650.32 30/11/1998 Books Rs. 650.32

Powered by Koha